Historia del derecho indiano
Պահպանված է:
| Հիմնական հեղինակ: | |
|---|---|
| Այլ հեղինակներ: | , |
| Ձևաչափ: | Գիրք |
| Լեզու: | իսպաներեն |
| Հրապարակվել է: |
Madrid, España:
MAPFRE,
1992.
|
| Շարք: | Colección relaciones entre España y América, 11.
|
| Խորագրեր: | |
| Ցուցիչներ: |
Ավելացրեք ցուցիչ
Չկան պիտակներ, Եղեք առաջինը, ով նշում է այս գրառումը!
|
MARC
| LEADER | 00000nam a2200000 a 4500 | ||
|---|---|---|---|
| 001 | UCX6619 | ||
| 003 | CL-VaPUC | ||
| 005 | 20211216133316.0 | ||
| 008 | 930730e19920000SP |||||||||||||||||spa|d | ||
| 999 | |c 226614 |d 226612 | ||
| 020 | |a 84-7100-512-3 | ||
| 040 | |c Pontificia Universidad Católica de Valparaíso | ||
| 082 | 0 | 4 | |a 349.8 SAN 1992 |2 21 |
| 100 | 0 | |a Sánchez Bella, Ismael |e autor |9 323209 | |
| 245 | 1 | 0 | |a Historia del derecho indiano |
| 260 | |a Madrid, España: |b MAPFRE, |c 1992. | ||
| 300 | |a 407 páginas. | ||
| 490 | 0 | |a Colección relaciones entre España y América, 11. | |
| 500 | |a c.3 Donación Familia Prof. Alejandro Guzmán Brito | ||
| 583 | |a last modification |c 20161003 01:11:10 |k Rodrigo Vera | ||
| 650 | 0 | |a Derecho Indiano |9 256266 | |
| 650 | 0 | |a Historia del derecho |9 255109 | |
| 650 | 0 | |a Colonización |z América latina |z España |9 265172 | |
| 700 | |a Hera, Alberto de la |e autor |9 616426 | ||
| 700 | 0 | |a Díaz Rementería, Carlos |e autor |9 323211 | |
| 852 | |a BIBCUR | ||
| 942 | |c BK |2 ddc | ||
| 945 | |d 19930730 00:00:00 |a aalvarez | ||
| 952 | |0 0 |1 0 |2 ddc |4 0 |6 349_800000000000000_SAN_1992 |7 0 |8 A |9 225117 |a BIBHIS |b BIBHIS |d 2019-11-15 |i 2938154 |o 349.8 SAN 1992 |p 2938154 |r 2025-01-20 |t 2 |w 2019-11-15 |y BK |k HIS | ||
| 952 | |0 0 |1 0 |2 ddc |4 0 |6 349_800000000000000_SAN_1992 |7 0 |8 DER_HIS |9 225118 |a BIBDER |b BIBDER |d 2019-11-15 |i 2961296 |o 349.8 SAN 1992 |p 2961296 |r 2023-01-25 |t 1 |w 2019-11-15 |x Ubicación 4to Piso |y BK |z Estos recursos deben solicitarse con anticipación |k DER | ||